00393nam a22001337a 4500003000400000005001700004008004100021040001000062100002800072245002500100260005100125300002800176500005500204OSt20250526143922.0250526b |||||||| |||| 00| 0 eng d cAccra dEdited by: J. N. N. Oku aReview of Ghana Law/ aAccra:bCouncil for Law Reporting;cc2006 2010 aviii, 310 pages c24 cm aIncludes Notes and Comments, Book Review Statutes